000 00755nam a2200229Ia 4500
003 OSt
005 20241127091839.0
008 210716s2004 xx 000 0 und d
020 _a818128030X
040 _cAIMIT LIBRARY
041 _aeng
082 _a005.74
_bKNOG
100 _aKnolmayer, Gerhard.
_9186693
245 _aSupply chain management based on sap systems :
_border management in manufacturing companies /
_cBy Gerhard Knolmayer, Peter Mertens and Alexander Zeier.
250 _a1st ed.
260 _aNew Delhi :
_bSpringer ,
_c2004.
300 _axi,244 p.;
_bPB
_c23.7 cm.
650 _aDatabase Management
_9186694
700 _aMertens, Peter.
_9186695
700 _aZeier, Alexander.
_9186696
942 _2ddc
_cBK
_e1st
_k005.74 KNOG
999 _c186270
_d186270